书目信息 |
| 题名: |
大家说汉语
|
|
| 作者: | 苏瑞卿 编著 | |
| 分册: | ||
| 出版信息: | 北京 北京大学出版社 2009.03 |
|
| 页数: | 253页 | |
| 开本: | 26cm | |
| 丛书名: | ||
| 单 册: | ||
| 中图分类: | H195.4 | |
| 科图分类: | ||
| 主题词: | 汉语--han yu--口语--对外汉语教学--教材 | |
| 电子资源: | ||
| ISBN: | 978-7-301-14991-1 | |
| 000 | 01048nam0 2200265 450 | |
| 001 | 012009836387 | |
| 005 | 20090926112147.85 | |
| 010 | @a978-7-301-14991-1@dCNY48.00 (含光盘) | |
| 016 | @aCN-A20-09-0041-0@b光盘 | |
| 100 | @a20090926d2009 em y0chiy0120 ea | |
| 101 | 0 | @achi |
| 102 | @aCN@b110000 | |
| 105 | @aa z 000yy | |
| 106 | @ar | |
| 200 | 1 | @a大家说汉语@Ada jia shuo han yu@e初级口语@e英文注释本@f苏瑞卿编著@Fsu rui qing bian zhu |
| 210 | @a北京@c北京大学出版社@d2009.03 | |
| 215 | @a253页@c图@d26cm@e光盘1片 | |
| 300 | @a北大版短期培训汉语教材 | |
| 330 | @a本书把结构功能文化结合起来,使学生在学习说汉语的同时,了解现代中国社会。以两个韩国学生在现代中国的学习生活为主线,选取与学生现实生活密切相关的功能性话题,以学生日常生活中可能遇到的情景为背景,以在这种情况下需要的口语对话作为课文的主要内容。 | |
| 517 | 1 | @a初级口语@Achu ji kou yu |
| 606 | 0 | @a汉语@Ahan yu@x口语@x对外汉语教学@j教材 |
| 690 | @aH195.4@v4 | |
| 701 | 0 | @a苏瑞卿@Asu rui qing@4编著 |
| 801 | 0 | @aCN@bQSSK@c20090926 |
| 905 | @b758769-71@dH195.4@eS854@f3 | |
| 大家说汉语:初级口语:英文注释本/苏瑞卿编著.-北京:北京大学出版社,2009.03 |
| 253页:图;26cm+光盘1片 |
| 北大版短期培训汉语教材 |
| ISBN 978-7-301-14991-1:CNY48.00 (含光盘) |
| 本书把结构功能文化结合起来,使学生在学习说汉语的同时,了解现代中国社会。以两个韩国学生在现代中国的学习生活为主线,选取与学生现实生活密切相关的功能性话题,以学生日常生活中可能遇到的情景为背景,以在这种情况下需要的口语对话作为课文的主要内容。 |
| ● |
| 相关链接 |
|
|
|
正题名:大家说汉语
索取号:H195.4/S854
 
预约/预借
| 序号 | 登录号 | 条形码 | 馆藏地/架位号 | 状态 | 备注 |
| 1 | 758769 | 207587690 | 语言库209/209语言库 79排1列2层/ [索取号:H195.4/S854] | 在馆 | |
| 2 | 758770 | 207587707 | 语言库209/209语言库 79排1列2层/ [索取号:H195.4/S854] | 在馆 | |
| 3 | 758771 | 207587716 | 语言库209/209语言库 79排1列2层/ [索取号:H195.4/S854] | 在馆 |